000 00572nam a2200145 i 4500
001 190109
003 ES-MaACL
005 20230906223637.0
008 200729s1851 sp |||| | spa d
110 0 _aEspaña. Ministerio de Comercio, Instrucción y Obras Públicas.
_9170703
245 1 0 _aPlan de estudios decretado por S.M. en 28 de agosto de 1850 y reglamento para su ejecución, aprobado por Real Decreto de 10 de setiembre de 1851.
260 _a[S.l.] :
_b[s.n.],
_c1851 (
_eMadrid :
_fImp. Nacional)
300 _a175 p. ;
_c23 cm.
852 _aES-MaACL
_jT-915-F-3
999 _c190109
_d190109